Normal view
MARC view
Entry Meeting Name
001 - CONTROL NUMBER
- control field: 8460
003 - CONTROL NUMBER IDENTIFIER
- control field: OSt
005 - DATE AND TIME OF LATEST TRANSACTION
- control field: 20211105133011.0
008 - FIXED-LENGTH DATA ELEMENTS
- fixed length control field: 211105|| aca||aabn | a|a d
040 ## - CATALOGING SOURCE
- Original cataloging agency: OSt
- Transcribing agency: OSt
111 ## - HEADING--MEETING NAME
- Meeting name or jurisdiction name as entry element: Open Meetings of Workshop Groups of the Sixteenth Plenary Meeting of COSPAR
- Number of part/section/meeting: 16th
- Location of meeting: Constance, Germany
- Date of meeting or treaty signing: 1973
670 ## - SOURCE DATA FOUND
- Source citation: Work cat.: (OSt): Open Meetings of Workshop Groups of the Sixteenth Plenary Meeting of COSPAR 16th Constance, Germany 1973, Space research XIV, 1974